Quake II - Enemies - Statistics

General Stats
  • This quiz has been taken 13 times
  • The average score is 20 of 37
Answer Stats
Version Enemy Weapon(s) % Correct
Quake II Light Guard Blaster
100%
Quake II Makron Blaster, Rail Gun, BFG10k
100%
Quake II Enforcer Chain Gun, Club
86%
Quake II Machine Gun Guard Machine Gun
86%
Quake II Gunner Machine Gun, Grenade Launcher
71%
Quake II Iron Maiden Rocket Launcher, Claw
71%
The Reckoning Iron Maiden (Beta Class) Homing Rocket Launcher, Claw
71%
Quake II Parasite Health drain
71%
Quake II Shotgun Guard Shotgun
71%
Quake II Tank Rocket Launcher, Blaster, Machine Gun
71%
Quake II Berserker Melee attack
57%
The Reckoning Gekk Light Beam, Claw
57%
Quake II Gladiator Rail Gun, Clamp
57%
The Reckoning Gladiator (Beta Class) Phalanx Particle Cannon, Clamp
57%
Quake II Hornet Chain Gun, Rocket Launcher
57%
Quake II Icarus Hyper Blaster
57%
Quake II Jorg Chain Guns, BFG10k
57%
The Reckoning Laser Guard Laser
57%
Quake II Medic Blaster, enemy revival
57%
Quake II Mutant Pounce, Claw
57%
Quake II Barracuda Shark Bite
43%
Ground Zero Carrier Rail Gun, Chain Gun, Grenade Launcher, Rocket Launcher, spawn Flyer, spawn Homing Flyer
43%
Quake II Flyer Blasters, Wing Blades
43%
The Reckoning Hyper Blaster Guard Hyper Blaster
43%
The Reckoning Ripper Guard Ion Ripper
43%
Quake II Super Tank Chain Gun, Rocket Launcher
43%
The Reckoning Super Tank (Beta Class) Chain Gun, Rocket Launcher
43%
Quake II Technician Hyper Blaster, Utility Claw, Shock Prod
43%
Ground Zero Turret Blaster or Rocket Launcher
43%
Ground Zero Black Widow Guardian Blaster, Rail Gun, Kick, spawn Stalker, Plasma Beam, Disruptor, Pincer
29%
Quake II Brains Arm Hooks, Chest Tentacles
29%
The Reckoning Brains (Beta Class) Arm Hooks, Chest Tentacles, Laser
29%
Ground Zero Daedalus Hyper Blaster
29%
Ground Zero Medic Commander Blaster, enemy revival, enemy spawn
29%
The Reckoning Repair Bot Blaster, enemy revival
29%
Ground Zero Stalker Blaster, Jump, Claw
29%
Quake II Tank Commander Rocket Launcher, Blaster, Machine Gun
29%
No matching quizzes found
Score Distribution
Percent of People with Each Score
Percentile by Number Answered
Your Score History
You have not taken this quiz